Constitution of binary alloys /

Saved in:
Bibliographic Details
Main Author: Hansen, Max, 1901-
Other Authors: Anderko, Kurt
Format: Book
Language:English
Published: New York : Mcgraw-Hill, 1958.
Edition:2nd ed. /
Series:Metallurgy and metallurgical engineering series
Subjects:
LEADER 01076nam a2200289 a 4500
001 c000047301
003 CARM
005 00000000000000.0
008 790305s1958 nyua b 00100 eng d
019 1 |a 2274378  |z 57692328  |5 LACONCORD2021 
035 |a (OCoLC)587049  |5 LACONCORD2021 
040 |d VBX 
100 1 |a Hansen, Max,  |d 1901- 
245 1 0 |a Constitution of binary alloys /  |c Max Hansen. 
250 |a 2nd ed. /  |b prepared with the cooperation of Kurt Anderko. 
260 |a New York :  |b Mcgraw-Hill,  |c 1958. 
300 |a xix, 1305p. :  |b ill.  |c 24 cm. 
440 0 |a Metallurgy and metallurgical engineering series 
500 |a Index. 
500 |a Translation of and revision of Der Aufbau der Zweistofflegierungen. 
504 |a Includes bibliographies. 
650 0 |a Alloys. 
700 1 |a Anderko, Kurt. 
852 8 |b CARM  |h A2:AI28B0  |i B04464  |p 0202478  |f BK 
082 0 4 |a 669.9/0202 
999 f f |i ef77a43c-fdca-5f25-b9d7-c64346ebba86  |s 62161a79-4ca0-5c81-a7ce-5ef87e3cdf9f 
952 f f |p Can circulate  |a CAVAL  |b CAVAL  |c CAVAL  |d CARM 1 Store  |e B04464  |f A2:AI28B0  |h Other scheme  |i book  |m 0202478